Cities on Lake Ontario - Statistics

General Stats
  • This quiz has been taken 106 times
  • The average score is 9 of 14
Answer Stats
Answer % Correct
Toronto, ON
98%
Hamilton, ON
86%
Mississauga, ON
75%
Kingston, ON
74%
Oshawa, ON
70%
St Catharines, ON
70%
Rochester, NY
61%
Ajax, ON
59%
Oakville, ON
58%
Burlington, ON
57%
Pickering, ON
52%
Belleville, ON
49%
Whitby, ON
49%
Oswego, NY
26%
No matching quizzes found
Score Distribution
Percent of People with Each Score
Percentile by Number Answered
Your Score History
You have not taken this quiz